Cuentos cortos sobre el Llano /

Bibliographic Details
Main Author: Caroprese Quintero, José Concepción (Author)
Other Authors: Pinzón Caballero, Joaquín (Illustrator)
Format: Electronic eBook
Language:Spanish
Published: Bogotá : Editorial Aula de Humanidades, 2023.
Edition:Primera edición.
Series:Colección Literatura (Editorial Aula de Humanidades). Serie Cuentos.
Subjects:
Online Access:Digitalia Hispánica

MARC

LEADER 00000nam a2200000 i 4500
001 DIGAUHUM0049
003 NyNyDIG
007 cr |||||||||||
008 250503s2023 ck a ob 000 0 spa d
006 m o d
035 |a (OCoLC)1519505030 
040 |a DGITA  |b eng  |e rda  |e pn  |c DGITA 
020 |a 9786287625815  |q (versión digital) 
020 |z 9786287625808  |q (versión impresa) 
043 |a s-ck---  |a s-ve--- 
050 1 4 |a PQ8180.413.A746 ebook 
100 1 |a Caroprese Quintero, José Concepción,  |e author. 
245 1 0 |a Cuentos cortos sobre el Llano /  |c José Concepción Caroprese Quintero ; ilustraciones, Joaquín Pinzón Caballero. 
250 |a Primera edición. 
264 1 |a Bogotá :  |b Editorial Aula de Humanidades,  |c 2023. 
300 |a 1 online resource :  |b color illustrations. 
336 |a text  |b txt  |2 rdacontent 
337 |a computer  |b c  |2 rdamedia 
338 |a online resource  |b cr  |2 rdacarrier 
347 |a text file  |2 rdaft 
347 |b PDF 
490 1 |a Colección: Literatura. Serie: Cuentos 
588 0 |a Online resource; title from PDF title page (Digitalia, viewed May 3, 2025) 
651 0 |a Llanos (Colombia and Venezuela)  |v Fiction. 
655 7 |a Short stories.  |2 lcgft 
700 1 |a Pinzón Caballero, Joaquín,  |e illustrator. 
791 2 |a Digitalia (Firm),  |e distributor. 
793 0 |g Digitalia eBook Collection:  |a Editorial Aula de Humanidades 
776 0 8 |i Print version:  |a Caroprese Quintero, José Concepción.  |t Cuentos cortos sobre el Llano.  |b Primera edición.  |d Bogotá : Editorial Aula de Humanidades, [2023]  |z 9786287625808 
830 0 |a Colección Literatura (Editorial Aula de Humanidades). Serie Cuentos. 
856 4 0 |3 Digitalia Hispánica  |u https://www.digitaliapublishing.com/a/170637/ 
910 |a Premium collection: 2025